Escritores latinoamericanos. Estudio y comentarios (leo, pienso, opino)

Salvato in:
Dettagli Bibliografici
Autore principale: Sales, Dolly
Altri autori: Varela, Fabiana Inés
Natura: Documento governativo Libro
Lingua:Spanish
Pubblicazione: San José, Costa Rica Promesa 2013
Serie:Colección escritores latinoamericanos número 19
Soggetti:
Tags: Aggiungi Tag
Nessun Tag, puoi essere il primo ad aggiungerne!!

MARC

LEADER 00000nam a22000007a 4500
008 140116s2013 c |||| |||| 00| 0dspa d
020 |a 9789968412346 
040 |a cru CIICLA Universidad de Costa Rica 
086 |a 801.95 S1637e 
100 |a Sales, Dolly 
245 1 0 |a Escritores latinoamericanos. Estudio y comentarios (leo, pienso, opino)  |c Dolly Sales, Fabiana Inés Varela 
260 |a San José, Costa Rica  |b Promesa  |c 2013 
300 |a 93 páginas 
490 0 |a Colección escritores latinoamericanos  |v número 19 
505 |r Marco Denevi  |t El creador y su noche / 
505 |r Joaquín Gutiérrez Mangel  |t Murámonos Federico 
650 4 |a ESCRITORES LATINOAMERICANOS  |x CRITICA E INTERPRETACION 
700 2 2 |a Varela, Fabiana Inés 
942 |2 ddc  |c BK 
999 |c 3142  |d 3142